States , nations , soveriegnty (Record no. 613242)

MARC details
000 -LEADER
fixed length control field 00754nam a2200241Ia 4500
003 - CONTROL NUMBER IDENTIFIER
control field OSt
005 - DATE AND TIME OF LATEST TRANSACTION
control field 20220926005235.0
008 - FIXED-LENGTH DATA ELEMENTS--GENERAL INFORMATION
fixed length control field 220923b |||||||| |||| 00| 0 eng d
020 ## - INTERNATIONAL STANDARD BOOK NUMBER
International Standard Book Number 8170363977
037 ## - SOURCE OF ACQUISITION
Terms of availability General Book
040 ## - CATALOGING SOURCE
Original cataloging agency RTL
Transcribing agency RTL
Language of cataloging eng
041 ## - LANGUAGE CODE
Source of code eng
Language code of text/sound track or separate title eng
100 ## - MAIN ENTRY--PERSONAL NAME
Personal name Bose Sumantra
245 #0 - TITLE STATEMENT
Title States , nations , soveriegnty
Remainder of title Sri Lanka , India and the Tamil Eelam Movement
260 ## - PUBLICATION, DISTRIBUTION, ETC.
Place of publication, distribution, etc. New Delhi
Name of publisher, distributor, etc. Sage Publications India
Date of publication, distribution, etc. 1994
300 ## - PHYSICAL DESCRIPTION
Extent 236p
Dimensions cm.
500 ## - GENERAL NOTE
General note Bibliography: P 213-25; Appendix: P 203-11
942 ## - ADDED ENTRY ELEMENTS (KOHA)
Classification part Y73(P31):47.4498.N8, N4
Koha item type General Books
Source of classification or shelving scheme Colon Classification (CC)
Holdings
Withdrawn status Lost status Damaged status Not for loan Home library Current library Date acquired Total Checkouts Full call number Barcode Date last seen Price effective from Koha item type
        Ratan Tata Library Ratan Tata Library 2022-09-26   Y73(P31):47.4498.N8 N4 RT1146510 2022-09-26 2022-09-26 General Books
Copyright @ Delhi University Library System